| 000 | 00785nam a2200229Ia 4500 | ||
|---|---|---|---|
| 003 | GCL | ||
| 008 | 140319s9999 xx 000 0 ara d | ||
| 020 | _a4383287977 | ||
| 040 |
_aGCL / _cGCL |
||
| 082 | 0 | 4 |
_a667.6 _bم د |
| 100 | 1 | _aمحمد اسماعيل عمر | |
| 245 | 1 | 0 |
_aالدهانات والورنيشات المعمارية والصناعية / _cمحمد اسماعيل عمر |
| 250 | _aالاولى | ||
| 260 |
_aالقاهرة : _bدار الكتب العلمية للنشر والتوزيع ، _c2004 |
||
| 300 |
_a400 ص ؛ _c24 سم |
||
| 650 | 0 | 4 | _aالورنيش - معايير |
| 650 | 0 | 4 | _aالطلاء |
| 650 | 0 | 4 | _aالورنيش |
| 650 | 0 | 4 | _aالطلاء - صناعة وتجارة |
| 650 | 0 | 4 | _aالطلاء بالورنيش |
| 942 |
_2ddc _cBK |
||
| 999 |
_c51134 _d51134 |
||